Recull de tractats i recomanacions d'organismes internacionals en matèria de serveis socials
Publicado:
Barcelona :
Diputació de Barcelona, Servei de Serveis Socials, Promoció i Suport Tècnic, DL 1985
Descripción Física:
407 p. ; 30 cm
Materias:
Serveis socials -- Dret i legislació
MARC
| LEADER | 00000nam a2200000Ia 4500 | ||
|---|---|---|---|
| 001 | 7626 | ||
| 008 | 160829s9999 xx 000 0 cat d | ||
| 080 | |a S-1-11 | ||
| 245 | |a Recull de tractats i recomanacions d'organismes internacionals en matèria de serveis socials | ||
| 260 | |a Barcelona : |b Diputació de Barcelona, Servei de Serveis Socials, Promoció i Suport Tècnic, DL 1985 | ||
| 300 | |a 407 p. ; |c 30 cm | ||
| 650 | |a Serveis socials |x Dret i legislació |9 21976 | ||
| 710 | |a Barcelona (Catalunya : Província). |b Servei de Serveis Socials |9 2896 | ||
| 901 | |a Arxiu | ||
| 942 | |n 1 | ||
| 952 | |0 0 |1 0 |4 0 |6 S111 |7 1 |9 41974 |a Arxiu |b Arxiu |d 2016-12-01 |l 0 |o S-1-11 |p 7626 |r 2016-12-01 00:00:00 |w 2016-12-01 |y ARXIU | ||
| 999 | |c 44421 |d 44421 | ||